000 01248 a2200241 4500
003 Nust
005 20170207154053.0
010 _a 2009013311
020 _a9780470499092 (cloth)
040 _cNust
082 0 0 _a332.6327
100 1 _aHaslem, John A.
245 1 0 _aMutual funds (E-BOOK)
_bportfolio structures, analysis, management, and stewardship /
_cJohn Haslem.
260 _aHoboken, NJ :
_bWiley,
_cc2009.
300 _ap. cm.
490 0 _aRobert W. Kolb series
500 _aIncludes index.
505 0 _aThe nature of mutual funds / by Conrad Ciccotello -- Mutual fund regulation and issues / by Conrad Ciccotello -- The economics of mutual funds / by David M. Smith -- Mutual fund fees and expenses / by David M. Smith -- How financial markets work / by Larry E. Swedroe -- Active versus passive investing / by Larry E. Swedroe -- Efficient markets and mutual fund investing : the advantages of index funds / by Burton Malkiel -- Asset allocation : design and care of portfolios / by William J. Bernstein -- The Morningstar approach to mutual fund analysis : part I / by Don Phillips and Paul D. Kaplan.
650 0 _aInvestments.
650 0 _aMutual funds.
650 0 _aPortfolio management.
651 _aMutual funds (E-BOOK)
942 _2ddc
_cBK
999 _c193220
_d193220